LEADER 01677nam 2200373 n 450 001 996394600103316 005 20200824120633.0 035 $a(CKB)3810000000009107 035 $a(EEBO)2248492483 035 $a(UnM)99827640e 035 $a(UnM)99827640 035 $a(EXLCZ)993810000000009107 100 $a19950306d1680 uy | 101 0 $aeng 135 $aurbn||||a|bb| 200 10$aEnglands faithful physician. Or, Precious soul-saving and soul-searching remedies$b[electronic resource] $ethrough grace faithfully applied for the healing and preserving this sinful, sick nation from ruine and destruction. Whereby this heavy judgment of God in visiting us with the plague and pestilence which we have lain under, may upon our hearty and unfeigned repentance be prevented for the future among us. Together with a speedy way to grace and salvation through Jesus Christ 210 $a[London] $cPrinted for W. Thackery, T. Passenger, P. Brooksby, and J. Williamson$d1680 215 $a[22] p. $cfrontis. (port.) 300 $aBy John Hart. 300 $aImprint place from Wing. 300 $aIncludes half-title page, verso of which contains a woodcut portrait of the author. 300 $aReproduction of the original in the British Library. 330 $aeebo-0018 606 $aPlague$zEngland$vSermons$vEarly works to 1800 615 0$aPlague 700 $aHart$b John$cD.D.$0195672 801 0$bCu-RivES 801 1$bCu-RivES 801 2$bCStRLIN 801 2$bWaOLN 906 $aBOOK 912 $a996394600103316 996 $aEnglands faithful physician. Or, Precious soul-saving and soul-searching remedies$92333788 997 $aUNISA